000 00870nas a2200289 4500
001 BR0901082
003 BR-BrBNA
005 20231205113139.0
007 ta
008 230509b bl.|||p| |||| 00| 00por d
040 _aBR-BrBNA
_bpor
_cBiblioteca Nacional de Agricultura
041 _a(Pt)
072 _aF01
100 1 _aSchimandeiro, A.
100 1 _aWeirich Neto, P.H.
100 1 _aGimenez, L.M.
100 1 _aColet, M.J.
100 1 _aGarbuio, P.W.
245 1 _aDistribuição longitudinal de plantas de milho (Zea mays L.)na região dos Campos Gerais, Paraná
650 _aMILHO
650 _aPLANTIO DIRETO
650 _aSEMEADURA
650 _aPOPULAÇÃO DE PLANTA
773 0 _tCiência Rural (Brazil)
_xISSN 0103-8478
_g(May-Jun 2006), v. 36(3) p. 977-980
_wBR0901082
909 _a202311
_bLúcia
_c55
_dLúcia Elande
942 _2AGRIS
_n0
_cANA
999 _c202106
_d202106